| 000 | 00702pam a2200229 a 4500 | ||
|---|---|---|---|
| 001 | 3468871 | ||
| 005 | 20180314081525.0 | ||
| 008 | 930330s1994 nyua b 001 0 eng | ||
| 010 | _a 93019376 | ||
| 020 | _a0024068314 | ||
| 040 |
_aDLC _cDLC _dDLC |
||
| 041 | _aeng | ||
| 080 | _a658.5 SCH | ||
| 082 | 0 | 0 |
_a658.5 SCH _220 |
| 100 | 1 | _a54 | |
| 101 | _aMO | ||
| 245 | 1 | 0 |
_aPlant and service tours in operations management / _cRoger W. Schmenner. |
| 504 | _aIncludes bibliographical references and index. | ||
| 906 |
_a7 _bcbc _corignew _d1 _eocip _f19 _gy-gencatlg |
||
| 942 |
_2ddc _cBK |
||
| 999 |
_c45007 _d45007 |
||